|
|
|
|
| LEADER |
00000nam a2200000 a 4500 |
| 001 |
vtls010319106 |
| 003 |
SK-MaSNL |
| 005 |
20260301032131.0 |
| 008 |
111018s2008 ru oc g h 000 0brus |
| 020 |
|
|
|a 9785914610057
|q (viaz.)
|
| 020 |
|
|
|a 9785737904135
|
| 040 |
|
|
|a SNK
|b slo
|c SNK
|e AACR2
|
| 041 |
0 |
|
|a rus
|
| 043 |
|
|
|a e-ru---
|
| 044 |
|
|
|a ru
|c RU
|
| 072 |
|
7 |
|a 78.07
|x Hudobníci, skladatelia a iné hudobné povolania
|2 konspekt
|
| 072 |
|
7 |
|a 929
|x Biografie
|2 konspekt
|
| 080 |
|
|
|a 929
|2 2001
|
| 080 |
|
|
|a 78.071.1
|2 2001
|
| 080 |
|
|
|a (470+571)
|2 2001
|
| 080 |
|
|
|a (092)
|2 2001
|
| 245 |
0 |
0 |
|a N. A. Rimskij-Korsakov. Iz semejnoj perepiski
|b po knigam Tat'jany Vladimirovny Rimskoj-Korsakovoj : "Detstvo i junost' N. A. Rimskogo-Korsakova", "N. A. Rimskij-Korsakov v sem'je"
|c redaktor-sostavitel' V. S. Fialkovskij
|
| 246 |
3 |
0 |
|a Iz semejnoj perepiski
|
| 260 |
|
|
|a Sankt-Peterburg
|b Kompozitor
|c 2008
|
| 300 |
|
|
|a 247 s., [24] s. fotogr. príl.
|b fotogr., portr.
|c 25 cm
|
| 600 |
1 |
7 |
|a Rimskij-Korsakov, Nikolaj Andrejevič,
|d 1844-1908
|2 SNKMA
|9 122372
|
| 648 |
|
7 |
|a 19. stor.
|2 SNKPH
|9 278793
|
| 650 |
0 |
7 |
|a hudobní skladatelia
|2 SNKPH
|9 3188
|
| 651 |
|
7 |
|a Rusko
|2 SNKPH
|9 17250
|
| 655 |
|
7 |
|a biografie
|2 SNKPH
|9 27965
|
| 700 |
1 |
|
|a Fialkovskij, V. S.
|4 red
|4 com
|9 328899
|
| 919 |
|
|
|a 978-5-91461-005-7
|
| 919 |
|
|
|a 978-5-7379-0413-5
|
| 999 |
|
|
|c 577875
|d 579805
|
| 952 |
|
|
|a SNK
|b SNK
|y VYP
|7 0
|p 17A0773844
|o snkIC 139799
|i snk2011/22536
|8 2
|g 11.00
|0 0
|1 0
|4 0
|d 2011-10-18
|l 0
|r 2026-02-23 14:39:27
|w 2026-02-23
|